| 000 | 00929nam a2200277 a 4500 | ||
|---|---|---|---|
| 001 | BRCA_5000 | ||
| 005 | 20190320204909.0 | ||
| 008 | 281010s1952----sz-a######---#000-0#eng-# | ||
| 041 | _aeng | ||
| 044 | _asz | ||
| 050 | 4 |
_aND456 _b.F66 1952 |
|
| 100 | 1 |
_aFosca, François _912742 |
|
| 245 | 1 | 0 |
_aWatteau to Tiepolo _ctext by François Fosca ; translated by Stuart Gilbert. |
| 260 |
_aGenova, Suiza _bSkira _c1952 |
||
| 300 |
_a142 p. _bil. a color _c28 cm. |
||
| 440 | 0 |
_aThe great centuries of painting : The Eighteenth century _912743 |
|
| 500 | _aIncluye noticias biográficas y bibliográficas, índice de ilustraciones e índice onomástico | ||
| 500 | _aD107 | ||
| 504 | _aBibliografía: p. 142 | ||
| 650 | 1 | 4 |
_aPintura europea _912744 |
| 650 | 1 | 4 |
_aPintura moderna _ySiglo XVII-XVIII _912745 |
| 650 | 1 | 4 |
_aPintura _xHistoria _912746 |
| 700 | 1 |
_aGilbert, Stuart _eTraductor _912747 |
|
| 902 | _aGFM | ||
| 942 |
_2lcc _cB |
||
| 999 |
_c4694 _d4694 |
||